000 00486cam a22001097a 4500
008 180718b xxu||||| |||| 00| 0 eng d
082 _aT2068x54 In2if
100 _aIndia. Department of Statistics. Central Statistical Organisation
245 _aAnnual survey of industries: summary results for factory sector
_cby Central Statistical Organisation,Department of Statistics
260 _aNew Delhi
_bGovernment of India
_c
500 _aLibrary has 1980-81 (Supp.)1983-84,1985-86, 1986/88, 1991-92
999 _c497767
_d497767